000
00302nam a22001097a 4500
008
230626b xxu||||| |||| 00| 0 eng d
082
_a
337.
_b
HAR 2001
245
_a
COMESA
_b
The Prerequisites for Progress Towards a Single Currency in COMESA
260
_b
COMESA
_c
2001
300
_a
126p
942
_2
ddc
_c
BK
999
_c
2782
_d
2782